| Tag |
First Indicator |
Second Indicator |
Subfields |
| LEADER |
00000cam a22000004a 4500 |
| 001 |
in00003371713 |
| 005 |
20190405190304.0 |
| 006 |
m d |
| 007 |
cr |||||||nn|n |
| 008 |
100423s2011 gau o d eng d |
| 010 |
|
|
|z 2010015808
|
| 020 |
|
|
|a 9780820337579
|
| 020 |
|
|
|a 0820337579
|
| 020 |
|
|
|z 9780820335629 (hardcover : alk. paper)
|
| 020 |
|
|
|z 0820335622 (hardcover : alk. paper)
|
| 020 |
|
|
|z 9780820336800 (pbk. : alk. paper)
|
| 020 |
|
|
|z 0820336807 (pbk. : alk. paper)
|
| 035 |
|
|
|a (MdBmJHUP)muse9780820337579
|
| 040 |
|
|
|a MdBmJHUP
|c MdBmJHUP
|d UtOrBLW
|
| 043 |
|
|
|a n-us-ca
|
| 050 |
0 |
0 |
|a F868.L8
|b B35 2011
|
| 082 |
0 |
0 |
|a 979.4/94
|2 22
|
| 100 |
1 |
|
|a Barraclough, Laura R.
|
| 245 |
1 |
0 |
|a Making the San Fernando Valley :
|b rural landscapes, urban development, and White privilege /
|c Laura R. Barraclough.
|
| 264 |
|
1 |
|a Athens :
|b University of Georgia Press,
|c [2011]
|
| 264 |
|
4 |
|c ©2011
|
| 300 |
|
|
|a 1 online resource (xii, 319 pages :) :
|b illustrations, maps
|
| 336 |
|
|
|a text
|b txt
|2 rdacontent
|
| 337 |
|
|
|a computer
|b c
|2 rdamedia
|
| 338 |
|
|
|a online resource
|b cr
|2 rdacarrier
|
| 490 |
1 |
|
|a Geographies of justice and social transformation ;
|v 3
|
| 504 |
|
|
|a Includes bibliographical references (pages 271-310) and index.
|
| 505 |
0 |
|
|a pt. 1. Creating the foundations of rural Whiteness, 1900-1960 -- Creating Whiteness through gentleman farming -- Narrating conquest in local history -- Producing Western heritage in the postwar suburb -- pt. 2. Consolidating rural Whiteness, 1960-2000 -- Protecting rurality through horse-keeping in the northeast valley -- Linking Western heritage and environmental justice in the west San Fernando Valley -- pt. 3. Rural Whiteness in the twenty-first century -- Urban restructuring and the consolidation of rural Whiteness -- Beliefs about landscape, anxieties about change -- "Rural culture" and the politics of multiculturalism.
|
| 588 |
|
|
|a Description based on print version record.
|
| 500 |
|
|
|a Electronic resource.
|
| 651 |
|
0 |
|a San Fernando Valley (Calif.)
|x Social conditions.
|
| 651 |
|
0 |
|a San Fernando Valley (Calif.)
|x Geography.
|
| 651 |
|
0 |
|a San Fernando Valley (Calif.)
|x Rural conditions.
|
| 651 |
|
0 |
|a San Fernando Valley (Calif.)
|x Race relations.
|
| 650 |
|
0 |
|a Cultural pluralism
|z California
|z San Fernando Valley
|x History.
|
| 650 |
|
0 |
|a Social change
|z California
|z San Fernando Valley
|x History.
|
| 650 |
|
0 |
|a Urbanization
|z California
|z San Fernando Valley
|x History.
|
| 650 |
|
0 |
|a Landscapes
|x Social aspects
|z California
|z San Fernando Valley
|x History.
|
| 650 |
|
0 |
|a Whites
|z California
|z San Fernando Valley
|x History.
|
| 655 |
|
7 |
|a Electronic books.
|2 local
|
| 830 |
|
0 |
|a Geographies of justice and social transformation ;
|v 3.
|
| 856 |
4 |
0 |
|u http://proxy.library.tamu.edu/login?url=http://muse.jhu.edu/books/9780820337579/
|z Connect to the full text of this electronic book
|t 0
|
| 999 |
|
|
|a MARS
|
| 999 |
f |
f |
|s a668b7f9-569c-3c1f-b632-17d55a69c446
|i f70971dd-ea0a-3d68-9180-0014e0ab1e74
|t 0
|
| 952 |
f |
f |
|a Texas A&M University
|b College Station
|c Electronic Resources
|d Available Online
|t 0
|e F868.L8 B35 2011
|h Library of Congress classification
|
| 998 |
f |
f |
|a F868.L8 B35 2011
|t 0
|l Available Online
|